Nuevo camino a seguir: una reflexión desde la izquierda /

Salvato in:
Dettagli Bibliografici
Autore principale: Solís, Javier
Altri autori: Montero Mejía, Alvaro, Ardón, Sergio Erick
Natura: testo
Pubblicazione: San José: Respuesta
Tags: Aggiungi Tag
Nessun Tag, puoi essere il primo ad aggiungerne!!

MARC

LEADER 00000 a a2200000 04500
001 21166
003
040
090 |a 092000  
100 |a Solís, Javier  
245 |a Nuevo camino a seguir: una reflexión desde la izquierda /  |c Javier Solís 
260 |a San José:   |b Respuesta  
300 |a 34 p.  
700 |a Montero Mejía, Alvaro  
700 |a Ardón, Sergio Erick  
999 |c 5292  |d 5292